| 000 | 00775nam a2200229 a 4500 | ||
|---|---|---|---|
| 001 | 71135 | ||
| 003 | BD-RjUL | ||
| 005 | 20211209082100.0 | ||
| 008 | 170426s1966 bg ||||| |||| 00| 0 ben d | ||
| 020 | _c : Tk. 2.00 | ||
| 035 | _a(BD-RjUL)71350 | ||
| 040 |
_aBD-RjUL _bben _cBD-RjUL _dBD-RjUL |
||
| 041 | _aben | ||
| 082 |
_223 _a891.443 _bNOD 1966 |
||
| 100 | 1 | 0 |
_aনওয়াজ, কাদের _9210466 |
| 245 | 1 | 0 |
_aদুটি পাখি, দুটি তীরে / _cকাদের নওয়াজ |
| 260 |
_aঢাকা : _bখামার প্রকাশনী, _c১৯৬৬ |
||
| 300 |
_a৪৯পৃ. ; _c২০ সেমি. |
||
| 650 |
_aবাংলা উপন্যাস _9210467 |
||
| 650 |
_aBengali fiction _9210468 |
||
| 942 |
_2ddc _cBK |
||
| 999 |
_c71135 _d71135 |
||